[Event "Thessaloniki Vardaris op 8th"]
[Site "Thessaloniki"]
[Date "2025.02.28"]
[Round "2"]
[White "Yordanov, Nikolay"]
[Black "Pehlivanova, Aleksandra"]
[Result "1/2-1/2"]
[WhiteElo "2093"]
[BlackElo "1821"]
[PlyCount "116"]
[EventDate "2025.02.27"]
[EventType "swiss"]
[EventRounds "7"]
[EventCountry "GRE"]
[SourceTitle "CB10_2025"]
[SourceDate "2025.03.05"]
[SourceVersion "1"]
[SourceVersionDate "2025.03.05"]
[SourceQuality "1"]

1. e4 c5 2. c3 Nf6 3. e5 Nd5 4. Nf3 Nc6 5. Bc4 Nb6 6. Bb3 d5 7. exd6 Qxd6 8. 0-0 Bf5 9. d4 cxd4 10. Nxd4 Nxd4 11. cxd4 e6 12. Nc3 Be7 13. Qf3 Qd7 14. d5 exd5 15. Nxd5 Nxd5 16. Bxd5 0-0 17. Bxb7 Bg4 18. Qd5 Qxd5 19. Bxd5 Rad8 20. Bb3 Bf6 21. h3 Bf5 22. g4 Bg6 23. Re1 h6 24. Re2 Bd3 25. Re3 a6 26. Kg2 Rd7 27. Re1 Rfd8 28. Kg3 g5 29. Kg2 Kg7 30. f4 gxf4 31. Bxf4 Bxb2 32. Be5+ Bxe5 33. Rxe5 Bb5 34. Rae1 Rd2+ 35. Kg3 R8d3+ 36. R1e3 Rxe3+ 37. Rxe3 Rd3 38. Rxd3 Bxd3 39. Kf4 Kg6 40. h4 Be2 41. Bc2+ Kf6 42. Bf5 Bc4 43. a3 Bb5 44. Bc8 Kg6 45. Ke5 f6+ 46. Kd5 Bd3 47. Kd4 Be2 48. Bf5+ Kf7 49. Kc5 h5 50. gxh5 Kg7 51. Kb6 Kh6 52. Bg6 Kg7 53. a4 Kh6 54. a5 Bb5 55. Kb7 Be2 56. Be8 f5 57. Kb6 f4 58. Bc6 f3 1/2-1/2

[Event "EU-ch U12 Girls"]
[Site "Prague"]
[Date "2024.08.30"]
[Round "8"]
[White "Pehlivanova, Aleksandra"]
[Black "Mataczyna, Aleksandra"]
[Result "1-0"]
[WhiteElo "1793"]
[BlackElo "1720"]
[PlyCount "129"]
[EventDate "2024.08.22"]
[EventType "swiss"]
[EventRounds "9"]
[EventCountry "CZE"]
[SourceTitle "CBM 221 Extra"]
[Source "ChessBase"]
[SourceDate "2024.09.30"]
[SourceVersion "1"]
[SourceVersionDate "2024.09.30"]
[SourceQuality "1"]

1. c4 e5 2. g3 Nf6 3. Bg2 d5 4. cxd5 Nxd5 5. Nc3 Nxc3 6. bxc3 g6 7. Bb2 Bg7 8. Ba3 Nc6 9. Rb1 Ne7 10. Qa4+ Bd7 11. Qb4 Nc6 12. Qb2 Bf6 13. d3 Be7 14. Nf3 0-0 15. 0-0 Re8 16. Bxe7 Qxe7 17. Nd2 b6 18. Nb3 Rad8 19. e3 Qd6 20. d4 e4 21. Qe2 f5 22. Rfc1 Qf6 23. a3 Kh8 24. c4 Ne7 25. Rc2 g5 26. Nd2 Ng6 27. Rcb2 Re7 28. Qd1 Rde8 29. Qc2 h5 30. a4 Rh7 31. c5 Bc6 32. cxb6 axb6 33. Rc1 Bb7 34. a5 Ba6 35. axb6 cxb6 36. Qc6 Qf7 37. Qxb6 Bb7 38. Rcb1 Re7 39. Rb5 Kg7 40. Qa5 Bc8 41. Rc1 Be6 42. Qc3 Kh6 43. Rcb1 Rc7 44. Qb2 Ne7 45. Ra1 Nd5 46. Bf1 Rh8 47. Nb3 Rhc8 48. Nc5 Bd7 49. Rba5 Kh7 50. Bc4 Bc6 51. Qb3 Rd8 52. Ra6 Qe7 53. Rxc6 Rxc6 54. Bxd5 Rcd6 55. Be6 Kg6 56. d5 Rf8 57. Ra5 Rdd8 58. Qa2 Rfe8 59. Nb3 Rb8 60. Nd4 f4 61. Qc2 Qb4 62. Qxe4+ Kh6 63. Nf5+ Kh7 64. Ra7+ Re7 65. Rxe7+ 1-0

[Event "EU-ch U12 Girls"]
[Site "Prague"]
[Date "2024.08.28"]
[Round "6"]
[White "Pehlivanova, Aleksandra"]
[Black "Lackova, Lucie"]
[Result "1-0"]
[WhiteElo "1793"]
[BlackElo "1605"]
[PlyCount "75"]
[EventDate "2024.08.22"]
[EventType "swiss"]
[EventRounds "9"]
[EventCountry "CZE"]
[SourceTitle "CBM 221 Extra"]
[Source "ChessBase"]
[SourceDate "2024.09.30"]
[SourceVersion "1"]
[SourceVersionDate "2024.09.30"]
[SourceQuality "1"]

1. Nf3 d5 2. c4 d4 3. b4 f6 4. e3 e5 5. c5 a5 6. Bc4 axb4 7. Nxe5 fxe5 8. Qh5+ g6 9. Qxe5+ Qe7 10. Qxh8 Nf6 11. d3 Nc6 12. e4 Ne5 13. Bg5 Ned7 14. 0-0 h6 15. Bxh6 Ng4 16. Bxf8 Nxf8 17. Nd2 Be6 18. Bxe6 Qxe6 19. Nc4 Nf6 20. Qh6 Qe7 21. Qg5 Qg7 22. Qe5+ Kd7 23. Qxd4+ Ke7 24. Qe5+ Kd7 25. Qg3 Nh5 26. Qg4+ Kc6 27. Nd2 Rd8 28. Nb3 b6 29. d4 Kb7 30. Rac1 Nf6 31. c6+ Kb8 32. Qe2 Ka7 33. e5 Nd5 34. Qb5 Nc3 35. Rxc3 bxc3 36. Qa4+ Kb8 37. Qa6 Ne6 38. Qb7# 1-0

[Event "EU-ch U12 Girls"]
[Site "Prague"]
[Date "2024.08.24"]
[Round "3"]
[White "Komar, Valeriia"]
[Black "Pehlivanova, Aleksandra"]
[Result "0-1"]
[WhiteElo "1695"]
[BlackElo "1793"]
[PlyCount "110"]
[EventDate "2024.08.22"]
[EventType "swiss"]
[EventRounds "9"]
[EventCountry "CZE"]
[SourceTitle "CBM 221 Extra"]
[Source "ChessBase"]
[SourceDate "2024.09.30"]
[SourceVersion "1"]
[SourceVersionDate "2024.09.30"]
[SourceQuality "1"]

1. e4 c5 2. d4 cxd4 3. c3 Nf6 4. e5 Nd5 5. cxd4 Nc6 6. Nf3 d6 7. Bc4 dxe5 8. dxe5 Ndb4 9. Qb3 e6 10. 0-0 Na5 11. Qc3 Nxc4 12. Qxc4 b6 13. Nc3 Ba6 14. Nb5 Rc8 15. Qe2 Rc2 16. Bd2 Qd7 17. a4 Bc5 18. Rad1 Bb7 19. Ng5 Bd5 20. Qg4 Nd3 21. b4 Rc4 22. Qh3 Nxb4 23. Nxh7 Qd8 24. Nd6+ Bxd6 25. exd6 Rh4 26. Bg5 Rxh3 27. Bxd8 R3xh7 28. Bc7 Kd7 29. h3 Nc6 30. f4 Rh5 31. Kf2 Rf5 32. Kg3 Na5 33. Kh2 Bc4 34. Rf2 Rd5 35. Rc1 f5 36. Rf3 Rd4 37. Rg3 Rh7 38. Rf3 Bd5 39. Rf2 Nc4 40. Bb8 a6 41. Rb1 Rh8 42. Bc7 Rd3 43. Ra1 Rb3 44. Re2 Nxd6 45. Bxd6 Kxd6 46. a5 b5 47. Rc2 Rb4 48. Kg3 Rb8 49. Rc3 Rc4 50. Rb3 b4 51. Rab1 Kc5 52. R1b2 Rb5 53. Ra2 Rc3+ 54. Rxc3+ bxc3 55. Rc2 Kd4 0-1

[Event "Wch U10 Girls"]
[Site "Sharm El Sheikh"]
[Date "2023.10.19"]
[Round "4"]
[White "Pehlivanova, Aleksandra"]
[Black "Kaminska, Zuzanna"]
[Result "1/2-1/2"]
[WhiteElo "1486"]
[BlackElo "1441"]
[PlyCount "95"]
[EventDate "2023.10.16"]
[EventType "swiss"]
[EventRounds "11"]
[EventCountry "EGY"]
[SourceTitle "EXT 2025"]
[Source "ChessBase"]
[SourceDate "2024.10.14"]
[SourceVersion "1"]
[SourceVersionDate "2024.10.14"]
[SourceQuality "1"]

1. Nf3 d5 2. c4 e6 3. b3 Nf6 4. g3 Be7 5. Bg2 b6 6. 0-0 Bb7 7. d4 0-0 8. Bb2 c5 9. Nbd2 Nc6 10. e3 Rc8 11. a3 Re8 12. Re1 h6 13. dxc5 Bxc5 14. Bxf6 Qxf6 15. cxd5 exd5 16. b4 Bd6 17. Nb3 Ne5 18. Nfd4 Nc4 19. Nd2 Be5 20. N2f3 Bd6 21. Qb3 a6 22. Red1 Red8 23. a4 Rc7 24. Rac1 Rdc8 25. Ne2 Rd8 26. Ne1 Be7 27. Nd3 Rcd7 28. Ndf4 Qb2 29. Rb1 Qxb3 30. Rxb3 g5 31. Nd3 Bf6 32. b5 a5 33. Rbb1 Rd6 34. Kf1 Bc8 35. Nd4 Bxd4 36. exd4 Bf5 37. Rbc1 Re8 38. Ra1 Kg7 39. Rac1 Be4 40. Bxe4 Rxe4 41. Ne5 Nxe5 42. dxe5 Rxe5 43. Rd4 f5 44. Rc6 Ree6 45. Rxd5 Rxc6 46. bxc6 Rxc6 47. Rxf5 Rc4 48. Rb5 1/2-1/2

[Event "EU Union-ch U10"]
[Site "Kouty nad Desnou"]
[Date "2023.08.20"]
[Round "5"]
[White "Doan, Hoang Minh"]
[Black "Pehlivanova, Aleksandra"]
[Result "0-1"]
[WhiteElo "1626"]
[BlackElo "1374"]
[PlyCount "138"]
[EventDate "2023.08.16"]
[EventType "swiss"]
[EventRounds "9"]
[EventCountry "CZE"]
[SourceTitle "EXT 2024"]
[Source "ChessBase"]
[SourceDate "2023.10.10"]
[SourceVersion "1"]
[SourceVersionDate "2023.10.10"]
[SourceQuality "1"]

1. e4 c5 2. Nc3 e6 3. Nf3 a6 4. d4 cxd4 5. Nxd4 b5 6. g3 Bb7 7. Bg2 Nc6 8. 0-0 Qc7 9. Re1 Be7 10. e5 Nxd4 11. Bxb7 Qxb7 12. Qxd4 Rc8 13. Qg4 g6 14. a3 h5 15. Qe2 h4 16. Be3 hxg3 17. fxg3 Nh6 18. Bxh6 Rxh6 19. Ne4 Qb6+ 20. Kg2 Qc6 21. c3 Rh5 22. Qf3 Rxe5 23. Qf4 Rh5 24. Kg1 Bc5+ 25. Nxc5 Qxc5+ 26. Re3 Rf5 27. Qe4 d5 28. Qd3 Qc4 29. Qd2 Qg4 30. Rae1 Kf8 31. Qg2 Rh5 32. Rf3 Rf5 33. Rfe3 Qc4 34. Qh3 Rh5 35. Qg2 Qc5 36. b4 Qb6 37. Kh1 Rc4 38. g4 Rh4 39. h3 Rh8 40. Qf3 Kg7 41. g5 Qd8 42. Rf1 Rc7 43. Qg3 Rh5 44. Qe5+ Kg8 45. Rf6 Rd7 46. Ref3 Qc7 47. Qe3 Qa7 48. Qf4 Qc7 49. Qe3 Qa7 50. Qd2 Qc7 51. Kg2 Qc4 52. R3f4 Qc6 53. Rf3 Qc4 54. Qe3 Qc7 55. Kh1 Qb7 56. Kh2 Qc7+ 57. Kg2 Qb7 58. Kg3 Qc7+ 59. Kg4 Qc4+ 60. R3f4 Qc7 61. Qd3 Rh7 62. Rd4 e5 63. Rxd5 Rxd5 64. Qxd5 Qc8+ 65. Kf3 Rxh3+ 66. Ke2 Qg4+ 67. Rf3 Rh2+ 68. Kd3 e4+ 69. Qxe4 Rd2+ 0-1

[Event "World School-ch U11 Girls"]
[Site "Rhodes"]
[Date "2023.04.20"]
[Round "7"]
[White "Sreekarthika, Velmurugan"]
[Black "Pehlivanova, Aleksandra"]
[Result "0-1"]
[WhiteElo "1580"]
[BlackElo "1319"]
[PlyCount "90"]
[EventDate "2023.04.14"]
[EventType "swiss"]
[EventRounds "9"]
[EventCountry "GRE"]
[SourceTitle "EXT 2024"]
[Source "ChessBase"]
[SourceDate "2023.10.10"]
[SourceVersion "1"]
[SourceVersionDate "2023.10.10"]
[SourceQuality "1"]

1. e4 c5 2. Nf3 e6 3. c3 Nf6 4. e5 Nd5 5. d4 cxd4 6. cxd4 Nc6 7. Bc4 Nb6 8. Bd3 d6 9. 0-0 Be7 10. Nc3 0-0 11. a3 dxe5 12. dxe5 Nd5 13. Nxd5 Qxd5 14. Qc2 h6 15. Bf4 Nd4 16. Nxd4 Qxd4 17. Bg3 Rd8 18. Rad1 Qb6 19. Bf4 Bd7 20. Qe2 Ba4 21. Qe4 Rxd3 22. Rxd3 Bc2 23. Rd8+ Rxd8 24. Qxc2 Qd4 25. Be3 Qxe5 26. Bxa7 Bd6 27. g3 f5 28. f4 Qf6 29. Rd1 Qe7 30. Bb6 Bc5+ 31. Bxc5 Rxd1+ 32. Qxd1 Qxc5+ 33. Kg2 Qc6+ 34. Kh3 Qb5 35. Qd8+ Kh7 36. Qd4 Qf1+ 37. Kh4 Qg2 38. h3 Qe2 39. Qd7 Qe4 40. Qf7 e5 41. g4 exf4 42. gxf5 Qe1+ 43. Kh5 Qe2+ 44. Kh4 Qf2+ 45. Kh5 Qf3+ 0-1

[Event "World School-ch U11 Girls"]
[Site "Rhodes"]
[Date "2023.04.19"]
[Round "6"]
[White "Pehlivanova, Aleksandra"]
[Black "Buyankhishig, Batpelden"]
[Result "0-1"]
[WhiteElo "1319"]
[BlackElo "1399"]
[PlyCount "136"]
[EventDate "2023.04.14"]
[EventType "swiss"]
[EventRounds "9"]
[EventCountry "GRE"]
[SourceTitle "EXT 2024"]
[Source "ChessBase"]
[SourceDate "2023.10.10"]
[SourceVersion "1"]
[SourceVersionDate "2023.10.10"]
[SourceQuality "1"]

1. d4 g6 2. Nf3 Bg7 3. Bg5 c5 4. c3 cxd4 5. cxd4 Nf6 6. e3 0-0 7. Bd3 d6 8. 0-0 Nc6 9. Nc3 Bd7 10. Rc1 Rc8 11. a3 Na5 12. b4 Nc4 13. Qb3 Nb6 14. e4 h6 15. Bh4 g5 16. Bg3 Nh5 17. e5 Nxg3 18. fxg3 dxe5 19. d5 e6 20. Rce1 Qc7 21. Rc1 Qd6 22. dxe6 Bxe6 23. Qb1 f5 24. Nb5 Qe7 25. Rxc8 Nxc8 26. Bc2 a6 27. Nc3 e4 28. Nxe4 fxe4 29. Bxe4 Nd6 30. Bh7+ Kh8 31. Kh1 Nf5 32. Bg6 g4 33. Nd2 Qg5 34. Bxf5 Bxf5 35. Qc1 Rc8 36. Qe1 Bg6 37. Ne4 Qe5 38. Nc5 Qxe1 39. Rxe1 Rc7 40. h4 Bd4 41. Ne6 Re7 42. Re2 Bb2 43. a4 Bc3 44. b5 axb5 45. axb5 Bd3 46. Re3 Bxb5 47. Rxc3 Rxe6 48. Kg1 Re2 49. Ra3 Bc6 50. Kf1 Rxg2 51. Re3 Rb2 52. Ke1 b5 53. Kd1 Bf3+ 54. Kc1 Rg2 55. Rb3 Rxg3 56. Rxb5 Rg1+ 57. Kd2 Rh1 58. h5 g3 59. Rb8+ Kg7 60. Ke3 g2 61. Kxf3 g1Q 62. Rb7+ Kf6 63. Rh7 Rh3+ 64. Ke4 Qe3+ 65. Kd5 Rxh5+ 66. Kd6 Qc5+ 67. Kd7 Rd5+ 68. Ke8 Qc8# 0-1

[Event "Wch U10 Girls"]
[Site "Batumi"]
[Date "2022.09.26"]
[Round "10"]
[White "Shonia, Barbare"]
[Black "Pehlivanova, Aleksandra"]
[Result "1-0"]
[WhiteElo "1033"]
[BlackElo "1406"]
[PlyCount "71"]
[EventDate "2022.09.16"]
[EventType "swiss"]
[EventRounds "11"]
[EventCountry "GEO"]
[SourceTitle "EXT 2023"]
[Source "ChessBase"]
[SourceDate "2022.10.05"]
[SourceVersion "1"]
[SourceVersionDate "2022.10.05"]
[SourceQuality "1"]

1. e4 c5 2. c3 g6 3. d4 cxd4 4. cxd4 d5 5. e5 a6 6. Nc3 Bg7 7. h3 Nc6 8. Nf3 f6 9. Bf4 fxe5 10. dxe5 e6 11. Bd3 Nge7 12. 0-0 0-0 13. Bh2 Bd7 14. a3 Nf5 15. Rc1 Bh6 16. Ra1 b5 17. Re1 Qb6 18. Bxf5 Rxf5 19. Nxd5 exd5 20. Qxd5+ Rf7 21. e6 Bxe6 22. Rxe6 Rc8 23. Rae1 a5 24. Re8+ Rxe8 25. Rxe8+ Kg7 26. Re6 Qd8 27. Be5+ Kg8 28. Qxc6 Qd1+ 29. Kh2 Bf4+ 30. Bxf4 Rxf4 31. Re8+ Rf8 32. Qe6+ Kg7 33. Re7+ Kh6 34. Qe3+ Rf4 35. Qxf4+ g5 36. Qxg5# 1-0

[Event "Wch U10 Girls"]
[Site "Batumi"]
[Date "2022.09.24"]
[Round "8"]
[White "Tripurambika, V."]
[Black "Pehlivanova, Aleksandra"]
[Result "1/2-1/2"]
[WhiteElo "1183"]
[BlackElo "1406"]
[PlyCount "251"]
[EventDate "2022.09.16"]
[EventType "swiss"]
[EventRounds "11"]
[EventCountry "GEO"]
[SourceTitle "EXT 2023"]
[Source "ChessBase"]
[SourceDate "2022.10.05"]
[SourceVersion "1"]
[SourceVersionDate "2022.10.05"]
[SourceQuality "1"]

1. e4 c5 2. Nf3 g6 3. d4 cxd4 4. Nxd4 Bg7 5. Nc3 Nc6 6. Be3 Nf6 7. f3 0-0 8. Qd2 d5 9. Nxc6 bxc6 10. exd5 cxd5 11. Bd4 e6 12. Bb5 Bd7 13. Bxd7 Qxd7 14. 0-0 Rab8 15. Rab1 Rfc8 16. Rfe1 Rc4 17. b3 Rc6 18. Ne2 Rbc8 19. c3 Nh5 20. Bxg7 Nxg7 21. Rbc1 Qb7 22. Nd4 R6c7 23. Kh1 a5 24. Qd3 Rc5 25. Rc2 Qc7 26. Nb5 Qb6 27. Nd4 Qc7 28. Nb5 Qb6 29. Nd4 Qc7 30. Nb5 Qb6 31. a4 Nf5 32. Rec1 Nd6 33. c4 Nxb5 34. cxb5 Rxc2 35. Rxc2 Rc5 36. g3 Qc7 37. Rxc5 Qxc5 38. Kg2 d4 39. Kf2 e5 40. Ke2 Kf8 41. Qc4 Qxc4+ 42. bxc4 Ke7 43. c5 f5 44. Kd3 g5 45. f4 gxf4 46. gxf4 e4+ 47. Kxd4 Kd7 48. c6+ Kc7 49. h4 h5 50. Kc5 e3 51. b6+ Kc8 52. Kd6 e2 53. b7+ Kb8 54. c7+ Kxb7 55. Kd7 e1Q 56. c8Q+ Ka7 57. Qc5+ Ka6 58. Qd6+ Ka7 59. Kc8 Qe8+ 60. Kc7 Qf7+ 61. Kc6 Qb7+ 62. Kc5 Qb4+ 63. Kd5 Qb3+ 64. Ke5 Qc2 65. Qd7+ Kb8 66. Qb5+ Kc8 67. Qa6+ Kb8 68. Qb5+ Kc8 69. Kf6 Qc3+ 70. Kxf5 Qh3+ 71. Ke4 Qxh4 72. Qf5+ Kb8 73. Qb5+ Kc8 74. Qa6+ Kb8 75. Qxa5 Qh1+ 76. Ke5 h4 77. Qd8+ Kb7 78. Qd7+ Kb8 79. Qb5+ Kc8 80. Qa6+ Kd8 81. Qd6+ Kc8 82. Qc5+ Kd8 83. Qd4+ Kc8 84. Qe4 Qa1+ 85. Kf5 h3 86. Qc2+ Kd8 87. Kg4 Qh1 88. Qd3+ Ke8 89. Qxh3 Qd1+ 90. Kg5 Qxa4 91. Qh8+ Kf7 92. Qf6+ Ke8 93. f5 Qe4 94. Qg6+ Kf8 95. Qh6+ Ke8 96. Qh8+ Kf7 97. Qh7+ Ke8 98. Qg8+ Kd7 99. Qf7+ Kd8 100. Kf6 Qd4+ 101. Kg5 Qe3+ 102. Kg6 Qg1+ 103. Kh7 Qh2+ 104. Kg7 Qg1+ 105. Qg6 Qa7+ 106. Kh8 Qd4+ 107. f6 Qh4+ 108. Kg7 Qd4 109. Kg8 Qd5+ 110. f7 Ke7 111. Kg7 Qe5+ 112. Kh7 Qh2+ 113. Kg8 Qb8+ 114. Kh7 Qf8 115. Qe4+ Kxf7 116. Qb7+ Qe7 117. Qf3+ Ke6+ 118. Kg6 Qe8+ 119. Kg5 Qg8+ 120. Kh4 Qh7+ 121. Kg3 Qg6+ 122. Kh2 Qh6+ 123. Kg2 Qd2+ 124. Kg3 Qg5+ 125. Qg4+ Qxg4+ 126. Kxg4 1/2-1/2

[Event "EU Union-ch U08"]
[Site "Kouty nad Desnou"]
[Date "2021.08.19"]
[Round "6.4"]
[White "Pehlivanova, Aleksandra"]
[Black "Mihaylov, Bozhidar1"]
[Result "1/2-1/2"]
[WhiteElo "1137"]
[BlackElo "1094"]
[PlyCount "68"]
[EventDate "2021.08.14"]
[EventType "swiss"]
[EventRounds "9"]
[EventCountry "CZE"]
[SourceTitle "EXT 2022"]
[Source "ChessBase"]
[SourceDate "2021.10.06"]
[SourceVersion "1"]
[SourceVersionDate "2021.10.06"]
[SourceQuality "1"]

1. d4 d5 2. Bf4 Bf5 3. e3 e6 4. Nf3 Nf6 5. c3 c6 6. Nbd2 Nbd7 7. Be2 Be7 8. 0-0 0-0 9. Ne5 Nxe5 10. dxe5 Ne4 11. Nxe4 Bxe4 12. Bd3 Bxd3 13. Qxd3 Re8 14. Bg3 Qb6 15. Rab1 c5 16. Rfd1 Rad8 17. Qc2 Rd7 18. b3 Red8 19. Rd2 Qc6 20. Rbd1 b5 21. h3 h6 22. Rd3 a6 23. R1d2 f6 24. Qd1 fxe5 25. Bxe5 Bd6 26. Bxd6 Rxd6 27. e4 c4 28. bxc4 bxc4 29. Rd4 Qc5 30. exd5 Rxd5 31. Rxd5 Rxd5 32. Qe2 Rxd2 33. Qxd2 Qd5 34. Qe2 e5 1/2-1/2